Bilancia hudobného roka

Bibliographic Details
Main Author: Polakovičová, Viera, 1953- (Author)
Format: Article
Language:Slovak
Subjects:

MARC

LEADER 00000nab a2200000 a 4500
001 vtls000152069
003 SK-MaSNL
005 20260303220625.0
008 111104c1983 xo 0 slo
015 |a SNBRB19rr/mm-uuuuu 
035 |a CL0162176 
040 |a SNKBUCL  |b slo  |c SNKBUCL  |e AACR2 
041 0 |a slo 
044 |a xo  |c SK 
080 |a 785.11  |2 1981 
100 1 |a Polakovičová, Viera,  |d 1953-  |4 aut  |9 5534 
245 1 0 |a Bilancia hudobného roka  |c V. Polakovičová 
610 2 7 |a Slovenská filharmónia  |2 snkbucl  |9 145774 
650 0 7 |a symfonická hudba  |2 snkbucl  |9 68261 
651 7 |a 5100  |2 snkbucl  |9 166206 
655 7 |a články z novín a časopisov  |2 snkbucl  |9 267496 
773 0 |t Večerník  |g Roč. 28, č. 123 (24. 6. 1983), s. 7 
850 |a Slovenská národná knižnica v Martine  |a MTA001 
852 |a SNK  |b KIS3GCP 
958 |a RK 
992 |a RBX 
999 |c 2228056  |d 2229986